000 00422nam a22001337a 4500
082 _a343.5491099
100 _aBasit, Muhammad Abdul
245 _aMedia Laws:
_bInternet, Radio, Television, Newspaper, Magazines /
_cMuhammad Abdul Basit
260 _aRawalpindi :
_bFederal Law House,
_c2018.
300 _a1466 p. ;
_c24 cm.
942 _2ddc
_cBK
999 _c587236
_d587236